<?xml version="1.0" encoding="UTF-8"?>
<record
    xmlns:xsi="http://www.w3.org/2001/XMLSchema-instance"
    xsi:schemaLocation="http://www.loc.gov/MARC21/slim http://www.loc.gov/standards/marcxml/schema/MARC21slim.xsd"
    xmlns="http://www.loc.gov/MARC21/slim">

  <leader>01057cam a22002411  4500</leader>
  <controlfield tag="001">ne 68000116 </controlfield>
  <controlfield tag="003">DLC</controlfield>
  <controlfield tag="005">20260227111836.0</controlfield>
  <controlfield tag="008">861211s1958    iq       bl   000 0 arar </controlfield>
  <datafield tag="010" ind1=" " ind2=" ">
    <subfield code="a">ne 68000116 </subfield>
  </datafield>
  <datafield tag="035" ind1=" " ind2=" ">
    <subfield code="a">(OCoLC)14956043</subfield>
  </datafield>
  <datafield tag="040" ind1=" " ind2=" ">
    <subfield code="a">DLC</subfield>
    <subfield code="c">WaU</subfield>
    <subfield code="d">OCoLC</subfield>
    <subfield code="d">DLC</subfield>
  </datafield>
  <datafield tag="042" ind1=" " ind2=" ">
    <subfield code="a">premarc</subfield>
  </datafield>
  <datafield tag="043" ind1=" " ind2=" ">
    <subfield code="a">a-iq---</subfield>
  </datafield>
  <datafield tag="050" ind1="0" ind2="0">
    <subfield code="a">KMJ3056</subfield>
    <subfield code="b">.S53 1958</subfield>
  </datafield>
  <datafield tag="100" ind1="1" ind2=" ">
    <subfield code="a">Shayb&#x101;n&#x12B;, &#x1E6C;al&#x2BB;at.</subfield>
  </datafield>
  <datafield tag="245" ind1="1" ind2="0">
    <subfield code="a">W&#x101;qi&#x2BB; al-milk&#x12B;yah al-zir&#x101;&#x2BB;&#x12B;yah f&#x12B; al-&#x2BB;Ir&#x101;q.</subfield>
  </datafield>
  <datafield tag="260" ind1=" " ind2=" ">
    <subfield code="a">Baghd&#x101;d,</subfield>
    <subfield code="b">D&#x101;r al-Ah&#x101;l&#x12B; lil-nashr wa-al-tawq&#x12B;&#x2BB;,</subfield>
    <subfield code="c">1958.</subfield>
  </datafield>
  <datafield tag="300" ind1=" " ind2=" ">
    <subfield code="a">194 p.</subfield>
  </datafield>
  <datafield tag="505" ind1="0" ind2=" ">
    <subfield code="a">&#x2BB;Mla&#x1E25;iq al-ba&#x1E25;th. 1 - Q&#x101;n&#x16B;n al-i&#x1E63;l&#x101;&#x1E25; al-zir&#x101;&#x2BB;&#x12B; al-&#x2BB;Ir&#x101;q&#x12B; raqm 30/958. 2 - Q&#x101;n&#x16B;n al- i&#x1E63;l&#x101;h al-zir&#x101;&#x2BB;&#x12B; f&#x12B; al-iql&#x12B;m al-sham&#x101;l&#x12B; (S&#x16B;riya) min al-Jumh&#x16B;r&#x12B;yah al-&#x2BB;Arab&#x12B;yah al-Mutta&#x1E25;idah, 1958. 3 - Q&#x101;n&#x16B;n al-i&#x1E63;l&#x101;&#x1E25; al-zir&#x101;&#x2BB;&#x12B; al-Mi&#x1E63;r&#x12B;, 1952. 4 - Q&#x101;n&#x16B;n al-i&#x1E63;l&#x101;&#x1E25; al-zir&#x101;&#x2BB;&#x12B; f&#x12B; Jumh&#x16B;riyat al-&#x1E62;&#x12B;n al-Sha&#x2BB;b&#x12B;yah 1950. p. 116-190.</subfield>
  </datafield>
  <datafield tag="504" ind1=" " ind2=" ">
    <subfield code="a">Bibliography: p. 191-194.</subfield>
  </datafield>
  <datafield tag="650" ind1=" " ind2="0">
    <subfield code="a">Land tenure</subfield>
    <subfield code="x">Law and legislation</subfield>
    <subfield code="z">Iraq.</subfield>
  </datafield>
  <datafield tag="999" ind1=" " ind2=" ">
    <subfield code="c">49928</subfield>
    <subfield code="d">49928</subfield>
  </datafield>
</record>
